000 01159nam a2200265 a 4500
001 000002534
005 20200929150217.0
008 840402s1940 ag 001 p spa
040 _aDO-SdBNP
_bspa
_cBNPHU
082 _a861.12
_bP744C, 1940
245 0 0 _aPoema del Cid /
_cEdición crítica, Ramón Menéndez Pidal ; versión en romance moderno, Pedro Salinas.
250 _a3a ed.
260 _aBuenos Aires :
_bLosada,
_c1940.
300 _a289 p. ;
_c18 cm.
490 1 _aLas cien obras maestras de la literatura y del pensamiento universal
_vno. 1
500 _aLas cien obras maestras de la literatura y del pensamiento universal fueron publicadas bajo la dircción de Pedro Henríquez Ureña.
600 1 4 _aCID,
_d1043-1099
_xROMANCES
_97961
650 4 _aPoesía épica española
_ySIGLO X - XIV
_97962
650 4 _aPoesía narrativa
_97963
650 4 _aCaballeros y caballeria
_xPoesía
_97964
650 4 _aHéroes
_xPoesías
_97965
700 1 _aMenéndez Pidal, Ramón,
_d1869-1968.
_etr.
_93902
700 1 _aSalinas, Pedro,
_d1892-1951.
_eed.
_97966
830 4 _aLas cien obras maestras de la literatura y del pensamiento universal ;
_vno. 1
_97967
999 _c2370
_d2370